Теоретическая грамматика английского языка: учебное пособие для пед. ин-тов по спец. "N 2103 "Иностр. яз."

গ্রন্থ-পঞ্জীর বিবরন
প্রধান লেখক: Кошевая И. Г. Инна Георгиевна
ভাষা:ইংরেজি
রুশ
প্রকাশিত: Москва, Просвещение, 1982
বিষয়গুলি:
বিন্যাস: গ্রন্থ
KOHA link:https://koha.lib.tpu.ru/cgi-bin/koha/opac-detail.pl?biblionumber=315414

MARC

LEADER 00000nam0a2200000 4500
001 315414
005 20231102002757.0
020 |a RU  |b 82-69028 
035 |a (RuTPU)RU\TPU\book\340849 
090 |a 315414 
100 |a 20160301d1982 m y0rusy5003 ca 
101 0 |a eng  |a rus 
102 |a RU 
105 |a y j 000zy 
200 1 |a Теоретическая грамматика английского языка  |e учебное пособие для пед. ин-тов по спец. "N 2103 "Иностр. яз."  |f И. Г. Кошевая 
210 |a Москва  |c Просвещение  |d 1982 
215 |a 336 с.  |c ил. 
606 1 |a Английский язык  |x Учебные руководства и пособия для высшей школы  |x Пособия по грамматике  |2 stltpush  |3 (RuTPU)RU\TPU\subj\29073  |9 52485 
610 1 |a грамматика 
610 1 |a грамматические категории 
610 1 |a грамматические навыки 
610 1 |a грамматические нормы 
610 1 |a грамматические ошибки 
610 1 |a упражнения 
686 |a Ш143.21-923.2  |2 rubbk 
700 1 |a Кошевая  |b И. Г.  |g Инна Георгиевна  |4 070 
801 0 |a RU  |b RuMRKP  |c 19950704  |g psbo 
801 1 |a RU  |b 63413507  |c 20160301 
801 2 |a RU  |b 63413507  |c 20200717  |g RCR 
942 |c BK